000 00863nab a2200253 u 4500
001 17136
003 HDC
007 cr bn ---aaaaa
008 210223c |r|noo 0 a d
040 _aHDC
100 _aHadi DP Mahmud,
_eauthor
_916492
245 0 _aEnsuring 'halalness' of Brunei's global supply chain /
_cby Hadi DP Mahmud
260 _aBrunei :
_bBrunei Times PLC,
_c2009
336 _atext
_2rdacontent
337 _acomputer
_2rdamedia
338 _aonline resource
_2rdacarrier
650 _aGlobal supply chain
_916672
650 _aHalal food industry
_zBrunei
_91589
710 _aThe Brunei Times
856 _zRequest full-text at [email protected]
942 _2lcc
942 _cNEWS
942 _kNWSO 009309
999 _c14452
_d14452